Groupes de Rock/Metal par lettre - Statistiques

Statistiques générales
  • Ce quiz a été pris 272 fois
  • Le résultat moyen est 8 sur 26
Statistiques - réponses
Par images Hint Réponse % Correct
A AC/DC
94%
K Kiss
78%
G Guns N' Roses
61%
Z ZZ Top
60%
B Black Sabbath
58%
L Led Zeppelin
52%
M Motorhead
50%
I Iron Maiden
43%
V Van Halen
41%
R Rammstein
33%
S Scorpions
33%
J Judas Priest
24%
D Dio
19%
H Helloween
19%
T Trust
17%
Y Yes
14%
C Cinderella
12%
X X
12%
W Wasp
8%
F Faith no more
7%
Q Queensrÿche
7%
E Extreme
6%
O Overkill
5%
N Nazareth
4%
U UFO
4%
P Pretty Maids
2%
Aucun quiz correspondant
Distribution des résultats
% des personnes avec chaque résultat
Percentile par nombre de réponses
Votre historique - résultats
Vous n’avez pas pris ce quiz